Pays les plus proches de la Lituanie - une minute sprint - Statistiques

Statistiques générales
  • Ce quiz a été pris 147 fois
  • Le résultat moyen est 16 sur 20
Statistiques - réponses
km pays % Correct
0 Russie
100%
0 Lettonie
99%
152 Estonie
97%
0 Pologne
97%
0 Biélorussie
96%
195 Suède
95%
378 Finlande
94%
458 Allemagne
92%
645 Norvège
88%
221 Ukraine
87%
517 Slovaquie
76%
565 Tchequie
76%
620 Hongrie
75%
743 Autriche
72%
368 Danemark
70%
647 Roumanie
70%
632 Moldavie
55%
940 Slovénie
51%
920 Pays-Bas
45%
898 Serbie
45%
Aucun quiz correspondant
Distribution des résultats
% des personnes avec chaque résultat
Percentile par nombre de réponses
Votre historique - résultats
Vous n’avez pas pris ce quiz